00508nam a2200181Ia 450000500170000000800410001702000100005804000190006804100120008708200180009924500520011726000530016930000260022250400260024865000220027470000190029685000110031520240220095835.0131103s9999 xx 000 0 und d cRs.80 aLoreto College aEnglish a370.954 bKHA aEducation for All, cEdited by Maksuda Khatun aCalcuttabBangiya Shakshrata Prasar Samitic2003 a142 p.b illus,tables aIncludes abbreviation aEducation - India aKhatun,Maksuda aLCLIB